000
00290 a2200133 4500
001
66197
082
_a
530.41 IBA
090
_c
38486
_d
38486
100
_a
Ibach H
245
_a
Solid state physics, 2nd Ed
250
_a
2
260
_a
Berlin
_b
Springer
_c
1995
300
_a
xii, 402 p
942
_a
NUST-CAE
_k
530.41 IBA
999
_c
301270
_d
301270